Detalles MARC
| 000 -LIDER |
| fixed length control field |
01492nam a2200349 c 4500 |
| 001 - NÚMERO DE CONTROL |
| Identificador de número de control |
|
| 003 - IDENTIFICACDOR DE NÚMERO DE CONTROL |
| control field |
DO-SdBNP |
| 005 - DATE AND TIME OF LATEST TRANSACTION |
| control field |
20221031115139.0 |
| 008 - ELEMENTOS DE LONGITUD FIJA |
| fixed length control field |
130906s2013 ck a ||| 000 f spa |
| 015 ## - NÚMERO DENTRO DE LA BIBLIOGRAFÍA NACIONAL |
| National bibliography number |
|
| 020 ## - ISBN |
| International Standard Book Number |
9789589827307 |
| 040 ## - FUENTE DE CATALOGACIÓN |
| Agencia que crea de manera original el registro |
BPMSU |
| Idioma de catalogación |
spa |
| Agencia que realiza la transcripción |
BPMSU |
| 080 ## - NÚMERO DE CLASIFICACIÓN DECIMAL UNIVERSAL |
| Universal Decimal Classification number |
|
| 082 ## - NÚMERO DE CLASIFICACIÓN DECIMAL DE DEWEY |
| Classification number |
398.2098 |
| Item number |
M684c 20007 |
| Edition number |
22 |
| 245 00 - MENCIÓN DE TITULO |
| Título |
Mitos, cuentos y leyendas de Latinoamérica y el Caribe / |
| Mención de responsabilidad |
ilustraciones Constanza Clocchiatti ; prólogo Isadora Norden ; dición María Amelia Macedo y Cecilia Repetti. |
| 260 ## - PUBLICACIÓN, DISTRIBUCIÓN, ETC. (PIE DE IMPRENTA) |
| Lugar de publicación, distribución, etc |
Bogotá, Colombia : |
| Nombre del editor, distribuidor, etc. |
:Babel Libros |
| Fecha de publicación, distribución, etc |
2007 |
| 300 ## - DESCRIPCIÓN FÍSICA |
| Extensión |
95 p. : |
| Otros detalles físicos |
il. ; |
| Dimensiones |
20 cm. |
| 490 0# - MENCIÓN DE SERIES |
| Mención de serie |
|
| 500 ## - NOTA GENERAL |
| Materiales especificados |
Edición Latinoamericana 25 Aniversario |
| 505 0# - NOTA DE CONTENIDO |
| Texto normalizado de contenido |
Prólogo -- Argentina : El cuero del lago -- Brasil : Sopa de piedras -- Colombia : El hombre caimán -- Guatemala : El caballito de siete colores -- México : La mulata de Córdoba -- Nicaragua : El barco negro -- Perú : Naimlap, el hombre pájaro -- Puerto Rico : Guanina y Sotomayor -- República Dominicana : El hombre que robó los chivos -- Venezuela : Tía zorra y los peces |
| 590 ## - NOTA LOCAL |
| Enlace |
Inventariado, 2022/VM |
| 650 #4 - ENCABEZAMIENTO DE MATERIA--TEMÁTICO |
| Término temático o nombre geográfico como elemento de entrada |
Mitología latinoamericana. |
| 650 #4 - ENCABEZAMIENTO DE MATERIA--TEMÁTICO |
| Término temático o nombre geográfico como elemento de entrada |
Leyendas latinoamericanas. |
| 650 #4 - ENCABEZAMIENTO DE MATERIA--TEMÁTICO |
| Término temático o nombre geográfico como elemento de entrada |
Cuentos latinoamericanos. |
| 700 1# - ASIENTO SECUNDARIO -- NOMBRE PERSONAL |
| Nombre personal |
Clocchiatti, Constanza, |
| Mención de responsabilidad |
il. |
| Fechas asociadas con el nombre |
|
| 700 1# - ASIENTO SECUNDARIO -- NOMBRE PERSONAL |
| Nombre personal |
Macedo, María Amelia, |
| Mención de responsabilidad |
ed. |
| 700 1# - ASIENTO SECUNDARIO -- NOMBRE PERSONAL |
| Nombre personal |
Repetti, Cecilia, |
| Mención de responsabilidad |
ed. |
| 700 1# - ASIENTO SECUNDARIO -- NOMBRE PERSONAL |
| Nombre personal |
Entralgo, Beatriz |
| 901 ## - LOCAL DATA ELEMENT A, LDA (RLIN) |
| a |
VMateo V. /Validado |
| 942 ## - ADDED ENTRY ELEMENTS (KOHA) |
| Source of classification or shelving scheme |
Dewey Decimal Classification |
| Koha item type |
Libros |
| 956 ## - LOCAL ELECTRONIC LOCATION AND ACCESS (OCLC) |
| Nombre de host |
2 |